000 00661cam a22002411 4500
001 sa 68011622
003 DLC
005 20260227112602.0
008 890706s1966 ii b 000 0 urdr
010 _asa 68011622
035 _a(OCoLC)19969265
040 _aDLC
_cWaU
_dDLC
042 _apremarc
050 0 0 _aBP136
_b.M36
100 1 _aMaẓāhirī, Taqī al-Dīn al-Nadwī.
245 1 0 _aMuḥaddis̲īn-i ʻuẓām aur unke ʻilmī kārnāme.
260 _c[1966]
300 _a8, 256 p.
_c23 cm.
500 _aStamped on t. p.: Maktaba-e-Din-o-Adab.
500 _aIn Urdu.
504 _aBibliography: p. 255-256.
650 0 _aHadith
_xHistory.
999 _c84011
_d84011